000 00802cam a22002411 4500
001 w 11000075
003 DLC
005 20260227112807.0
008 761123s1910 enka b 001 0 eng c
010 _aw 11000075
035 _a(OCoLC)2575982
040 _aWashington, D.C. Public Library
_cCtNlC
_dCtNlC
_dOCoLC
_dDLC
042 _apremarc
050 0 0 _aQL391.T9
_bK2
100 1 _aKeeble, Frederick,
_cSir,
_d1870-1952.
245 1 0 _aPlant-animals,
_ba study in cymbiosis,
_cby Frederick Keeble, SC. D. ...
260 _aCambridge [Eng.]
_bThe University Press,
_c1910.
300 _aviii p., 2 l., [3]-163 p.
_b col. front., illus.
_c17 cm.
440 4 _aThe Cambridge manuals of science and literature
504 _aBibliography: p. [159]-160.
650 0 _aConvoluta.
650 0 _aSymbiosis.
999 _c91993
_d91993